00431nam a2200157Ia 4500008004100000020001800041082001600059100003000075245005400105250000700159260003500166300002300201500001900224600001500243650001500258240925s9999 xx 000 0 und d a9788130930831 a658.406 PHI aPhilips, Patricia Pulliam 0aMeasuring the Success of Organization Development aNA aNew Delhi:bViva Booksc,2015. a878p.b0fOriginal aIncludes Index aManagement aManagement